LEADER 00980nam--2200325---450- 001 990002212080203316 005 20041124175254.0 035 $a000221208 035 $aUSA01000221208 035 $a(ALEPH)000221208USA01 035 $a000221208 100 $a20041124d1970----km-y0itay0103----ba 101 $afre 102 $aFR 105 $a||||||||001yy 200 1 $a<> influence des nouveaux etats sur le droit internetional$eextrait de la Revue General de droit internetional public$fLeslie Claude Green 210 $aParis$Pedone$d1970 215 $a29 p.$d22 cm 410 0$12001 454 1$12001 461 1$1001-------$12001 700 1$aGREEN,$bLeslie Claude$0231074 801 0$aIT$bsalbc$gISBD 912 $a990002212080203316 951 $aIG VIII 2 329$b42317 G.$cIG VIII 959 $aBK 969 $aGIU 979 $aSIAV7$b10$c20041124$lUSA01$h1752 996 $aInfluence des nouveaux etats sur le droit internetional$91032024 997 $aUNISA LEADER 02253nam 2200385 450 001 9910640393003321 005 20230514214022.0 035 $a(CKB)5850000000317024 035 $a(NjHacI)995850000000317024 035 $a(EXLCZ)995850000000317024 100 $a20230514d2022 uy 0 101 0 $aspa 135 $aur||||||||||| 181 $ctxt$2rdacontent 182 $cc$2rdamedia 183 $acr$2rdacarrier 200 10$aHistoria de los pronombres de tratamiento iberorromances $ePe?ni?nsula Ibe?rica, Ame?rica, A?frica y Filipinas /$fVi?ctor Lara Bermejo 210 1$a[Place of publication not identified] :$cIberoamericana Vervuert,$d2022. 210 4$d©2022 215 $a1 online resource (228 pages) 225 1 $aLingu?i?stica Iberoamericana 311 $a3-96869-330-2 320 $aIncludes bibliographical references and index. 330 $aAddress pronouns in the Ibero-Romance spectrum are one of the most complex phenomena that have historically occurred in these languages, especially in Spanish and Portuguese. In this book, the diachrony of politeness and treatment pronouns is explained from a global perspective that allows us to understand the reasons that have led to such complexity and the enormous current variation. Thus, not only the geolinguistic, sociolinguistic, historical and pragmatic relationships are established, but also the grammatical determinants that are behind the familiar familiarity, voseo, ustedeo, subercedeo, voceamento and tuteamento are argued, and their multiple concordances, also taking into account the contact language and migration processes. Thanks to this monograph, we will be able to understand why there are different areas in the Iberian Peninsula and Latin America, and what journey Africa and the Philippines have experienced in terms of their treatment pronouns. 410 0$aLingu?i?stica Iberoamericana. 606 $aPoliteness (Linguistics) 615 0$aPoliteness (Linguistics) 676 $a306.44 700 $aBermejo$b Vi?ctor Lara$01349047 801 0$bNjHacI 801 1$bNjHacl 906 $aBOOK 912 $a9910640393003321 996 $aHistoria de los pronombres de tratamiento iberorromances$93362741 997 $aUNINA LEADER 03933 am 2200925 n 450 001 9910418015903321 005 20191220 010 $a979-1-03-654306-7 010 $a979-1-03-654300-5 024 7 $a10.4000/books.larhra.5879 035 $a(CKB)4100000011314416 035 $a(FrMaCLE)OB-larhra-5879 035 $a(oapen)https://directory.doabooks.org/handle/20.500.12854/62870 035 $a(PPN)248498940 035 $a(EXLCZ)994100000011314416 100 $a20200623j|||||||| ||| 0 101 0 $afre 135 $auu||||||m|||| 181 $ctxt$2rdacontent 182 $cc$2rdamedia 183 $acr$2rdacarrier 200 10$aJésuites et protestantisme. xvie-xxie siècles /$fYves Krumenacker, Philippe Martin 210 $a[S.I] $cLARHRA$d2019 215 $a1 online resource (360 p.) 311 $a979-1-0915-9224-6 311 $a979-1-0915-9215-4 330 $aFace à la naissance du protestantisme au xvie siècle, l?Église catholique a développé deux stratégies : la lutte contre la Réforme ; la transformation du catholicisme. Une institution semble résumer ces deux politiques : la Compagnie de Jésus, qui mène des missions contre les protestants, participe à des controverses, créé des collèges pour former l?élite catholique... Mais placer « protestants » et « jésuites » dans un affrontement systématique est un des a priori de l?historiographie qui a été mis en place dès le xvie siècle. Mais, bien qu?elle ait été régulièrement reprise et développée, cette opposition est en grande partie fausse, et d?abord parce que l?objectif premier de la Compagnie de Jésus n?est pas la lutte contre le protestantisme, mais la rénovation de l?Église grâce à une nouvelle spiritualité, une spiritualité d?ailleurs en partie commune à Luther et aux réformateurs protestants, ce que les historiens et les théologiens redécouvrent depuis quelques dizaines d?années 517 $aY a-t-il une spiritualité jésuite ? 606 $aReligion 606 $aHistory 606 $ajésuite 606 $aCompagnie de Jésus 606 $aprotestantisme 606 $aÉglise catholique 606 $aspiritualité 606 $ahistoriographie 606 $aColloque Collection des Fontaines 610 $ajésuite 610 $aCompagnie de Jésus 610 $avie religieuse 610 $apiété 610 $adirection spirituelle 610 $aspiritualité 610 $acongrégation 610 $aColloque Collection des Fontaines 615 4$aReligion 615 4$aHistory 615 4$ajésuite 615 4$aCompagnie de Jésus 615 4$aprotestantisme 615 4$aÉglise catholique 615 4$aspiritualité 615 4$ahistoriographie 615 4$aColloque Collection des Fontaines 700 $aBoisson$b Didier$01288540 701 $aChalamet$b Christophe$01298464 701 $aChatelan$b Olivier$01298465 701 $aCullière$b Alain$01281609 701 $aDe Franceschi$b Sylvio Hermann$01298466 701 $aFabre$b Pierre Antoine$01296052 701 $aFédou$b Michel$0693477 701 $aGuyard$b Nicolas$01291758 701 $aHenryot$b Fabienne$0998454 701 $aKandakou$b Dzianis$01298467 701 $aKrumenacker$b Yves$01240317 701 $aLéonard$b Julien$01281614 701 $aMaes$b Bruno$01266185 701 $aMaindreville$b Rémi de$01298468 701 $aMartin$b Philippe$0200316 701 $aNegruzzo$b Simona$0780541 701 $aPrudhomme$b Claude$0244441 701 $aRocher$b Philippe$01298469 701 $aSimiz$b Stefano$01232452 701 $aKrumenacker$b Yves$01240317 701 $aMartin$b Philippe$0200316 801 0$bFR-FrMaCLE 906 $aBOOK 912 $a9910418015903321 996 $aJésuites et protestantisme. xvie-xxie siècles$93024875 997 $aUNINA